000 00615nam a22001937a 4500
005 20240925145256.0
010 _aENG-141770
020 _a9789356842557
_c250.00
035 _aEN-125302
037 _bDBAD
082 _a158.1
100 _aSharma, Vinod
_971951
245 _aMerit Made Easy:
_bWith Brain Science/
_cBy Vinod Sharma
250 _a1
260 _aNew Delhi
_bDiamond Pocket Books
_c2024
270 _aX- 30, Okhla Industrial Area, Phase-II
_bNew Delhi
_e110020
_mwecare@diamondbooks.in
_k011-40712100
_k011-41611861
300 _a218p.
_c22cm(pb)
942 _2ddc
_cEN
_h158.1
_mSHA
999 _c205882
_d205882